| 000 | 00602nam a2200193Ia 4500 | ||
|---|---|---|---|
| 008 | 151121s9999||||xx |||||||||||||| ||und|| | ||
| 082 | _a812/फाटक | ||
| 082 | _bHNW-16313 | ||
| 100 | _aफाटक ग। कृ। | ||
| 245 | _aश्रीकृष्ण-दान | ||
| 260 | _b"घैसास वि। आ। , पुणें।" | ||
| 260 | _c-- | ||
| 300 | _a68 | ||
| 600 | _aफाटक ग। कृ। | ||
| 630 | _aश्रीकृष्ण-दान | ||
| 700 | _aफाटक ग। कृ। | ||
| 730 | _aश्रीकृष्ण-दान | ||
| 942 | _cBOOK | ||
| 999 |
_c1219154 _d1219151 |
||